Training for transformation : Book 3 (Record no. 734)

000 -LEADER
fixed length control field 01253nam a22003497a 4500
001 - CONTROL NUMBER
control field 1453305
003 - CONTROL NUMBER IDENTIFIER
control field OSt
005 - DATE AND TIME OF LATEST TRANSACTION
control field 20210421084003.0
008 - FIXED-LENGTH DATA ELEMENTS--GENERAL INFORMATION
fixed length control field 851022s1984 ug a b 001 0 eng
010 ## - LIBRARY OF CONGRESS CONTROL NUMBER
LC control number 85219104
020 ## - INTERNATIONAL STANDARD BOOK NUMBER
International Standard Book Number 0869222562 (pbk. : v. 3)
040 ## - CATALOGING SOURCE
Original cataloging agency eng
Transcribing agency DLC
Modifying agency eng
Language of cataloging eng
041 ## - LANGUAGE CODE
Language code of text/sound track or separate title eng
043 ## - GEOGRAPHIC AREA CODE
Geographic area code d------
050 00 - LIBRARY OF CONGRESS CALL NUMBER
Classification number HN49.C6
Item number H66 1984
080 ## - UNIVERSAL DECIMAL CLASSIFICATION NUMBER
Universal Decimal Classification number 614
Item number H-79
082 00 - DEWEY DECIMAL CLASSIFICATION NUMBER
Classification number 307.1/4
Edition number 19
100 1# - MAIN ENTRY--PERSONAL NAME
Personal name Hope, Anne.
245 10 - TITLE STATEMENT
Title Training for transformation : Book 3
Remainder of title a handbook for community workers /
Statement of responsibility, etc. / by: Mambo Press,
Medium Emory University Nell Hodgson Woodruff School of Nursing Transcultural and International Nursing Center
260 ## - PUBLICATION, DISTRIBUTION, ETC.
Place of publication, distribution, etc. Gweru :
Name of publisher, distributor, etc. Mambo Press,
Date of publication, distribution, etc. 1984.
300 ## - PHYSICAL DESCRIPTION
Extent 3 v. : v2 131 p.
Other physical details ill. ;
Dimensions 30 cm.
500 ## - GENERAL NOTE
General note Includes index.
504 ## - BIBLIOGRAPHY, ETC. NOTE
Bibliography, etc. note Bibliography: p. v. 1, p. 144-146.
650 #0 - SUBJECT ADDED ENTRY--TOPICAL TERM
Topical term or geographic name entry element Community development
General subdivision Handbooks, manuals, etc.
650 #0 - SUBJECT ADDED ENTRY--TOPICAL TERM
Topical term or geographic name entry element Public Health
9 (RLIN) 337
650 #0 - SUBJECT ADDED ENTRY--TOPICAL TERM
Topical term or geographic name entry element Adult education
Geographic subdivision Developing countries.
653 ## - INDEX TERM--UNCONTROLLED
Uncontrolled term საზოგადოებრივი ჯანდაცვა
653 ## - INDEX TERM--UNCONTROLLED
Uncontrolled term ზრდასრულთა განათლება
700 1# - ADDED ENTRY--PERSONAL NAME
Personal name Timmel, Sally.
906 ## - LOCAL DATA ELEMENT F, LDF (RLIN)
a 7
b cbc
c orignew
d 2
e ncip
f 19
g y-gencatlg
942 ## - ADDED ENTRY ELEMENTS (KOHA)
Source of classification or shelving scheme
Koha item type Books
Edition 1
Holdings
Withdrawn status Lost status Source of classification or shelving scheme Damaged status Not for loan Permanent location Current location Date acquired Inventory number Total Checkouts Full call number Barcode Date last seen Price effective from Koha item type
          Ken Walker International University Ken Walker International University 12/21/2020 2222   614 H-79 2222 12/21/2020 12/21/2020 Books

Powered by Koha